Every NBA Team's Best First Round Pick Ever - Statistics

General Stats
  • This quiz has been taken 109 times
  • The average score is 26 of 30
Answer Stats
Team Year Pick Player % Correct
CLE 2003 1 LeBron James
100%
OKL 2007 2 Kevin Durant
98%
GSW 2009 7 Steph Curry
97%
HOU 1984 1 Hakeem Olajuwon
96%
CHI 1984 3 Michael Jordan
96%
ORL 1992 1 Shaquille O'Neal
96%
MIA 2003 5 Dwyane Wade
94%
DEN 2003 3 Carmelo Anthony
93%
MEM 2019 2 Ja Morant
93%
BOS 1978 6 Larry Bird
92%
MIL 1969 1 Kareem Abdul-Jabbar
91%
LAL 1979 1 Magic Johnson
91%
SAS 1997 1 Tim Duncan
91%
PHI 1996 1 Allen Iverson
90%
DET 1981 2 Isiah Thomas
90%
NYK 1985 1 Patrick Ewing
90%
UTA 1985 13 Karl Malone
89%
MIN 1995 5 Kevin Garnett
88%
IND 1987 11 Reggie Miller
85%
PHO 1996 15 Steve Nash
85%
SAC 1960 1 Oscar Robertson
83%
POR 1983 14 Clyde Drexler
81%
DAL 1994 2 Jason Kidd
78%
NOP 2005 4 Chris Paul
75%
ATL 1954 2 Bob Pettit
74%
WAS 1968 2 Wes Unseld
71%
TOR 2003 4 Chris Bosh
66%
BKN 2008 10 Brook Lopez
65%
LAC 1972 2 Bob McAdoo
60%
CHA 1992 2 Alonzo Mourning
58%
No matching quizzes found
Score Distribution
Percent of People with Each Score
Percentile by Number Answered
Your Score History
You have not taken this quiz